000 00661nam a22001937a 4500
005 20140314143844.0
010 _aENG-109458
020 _c595.00
_a9789350351499
035 _aEN-92991
037 _bDBAD/PUB
082 _a346.540135
100 _aNuzhat Parveen Khan
245 0 0 _aChild rights and the law /
_cby Nuzhat Parveen Khan
260 _aDelhi
_bUniversal Law Publishing
_c2012
270 _aC-FF-1A, Dilkhush Industrial Estate, (Near Azadpur Metro Station) G.T. Karnal Road,
_bDelhi
_e110033
300 _axxix,546p.
_c23cm(pbk)
500 _aIncludes bibliographical references and index
942 _2ddc
_cEN
_mNUZ
_h346.540135
999 _c82737
_d82737